000
00337nam a22001577a 4500
003
SGT
020
_a
978-93-5152-369-7
082
_a
616.7
_b
P17M
100
_a
MOHAN. HARSH
245
_a
TEXT BOOK OF PATHOLOGY
250
_a
7TH
260
_a
NEW DELHI
_b
JAYPEE PUB
_c
2017
300
_a
954
650
_a
PHARMACY
942
_2
ddc
_c
BK
_0
6
999
_c
15366
_d
15366